Ciele a metódy komunikačného auditu

Obsahové vymedzenie komunikačného auditu. Ciele komunikačného auditu. Metódy komunikačného auditu. Vnútropodniková komunikácia. Komunikačné väzby na okolie a identifikácia faktorov, ktoré ich ovplyvňujú.

Salvato in:
Dettagli Bibliografici
Autore principale: Marhefková, Martina
Natura: Capitolo di libro
Lingua:slovacco
Soggetti:
Tags: Aggiungi Tag
Nessun Tag, puoi essere il primo ad aggiungerne!!

MARC

LEADER 00000naa a2200000 4500
001 r048496
005 20231003082845.4
041 0 |a slo 
044 |a SK 
245 1 0 |a Ciele a metódy komunikačného auditu  |c Martina Marhefková 
520 |a Obsahové vymedzenie komunikačného auditu. Ciele komunikačného auditu. Metódy komunikačného auditu. Vnútropodniková komunikácia. Komunikačné väzby na okolie a identifikácia faktorov, ktoré ich ovplyvňujú. 
610 2 0 |a komunikácia 
610 2 0 |a audit 
610 2 0 |a personalistika 
610 2 0 |a komunikácia manažérska 
610 2 0 |a inovácia 
610 2 0 |a podnik 
100 1 |a Marhefková, Martina